LEADER 01349nam a2200301 i 4500 001 000000147829 003 CaOOAMICUS 005 20060214000000.0 008 060214s2004 it u000 u fre u 013 $a125130 020 $a2-204-07303-2 040 $aSeMil$bita 100 1 $aBigaouette, Francine.$0(OLS)http://semarc/name/58592 245 13$aLe cri de déréliction de Jésus en croix :$bdensité existentielle et salvifique /$cFrancine Bigaouette. 260 $aParis :$bLes Éditions du Cerf,$c2004. 300 $a496 p. ;$c22 cm. 490 0 $aCogitatio Fidei [Cerf]v236 500 $aContiene : Bibliographie. 650 4$aGesù Cristo - Meditazioni.$0(OLS)http://semarc/subject/1836 650 4$aGesù Cristo - Croce.$0(OLS)http://semarc/subject/5017 650 4$aTeologia della redenzione.$0(OLS)http://semarc/subject/28883 830 0$aCogitatio Fidei ;$v236.$0(OLS)http://semarc/title/206 850 $aSeMil 852 $aSeMil$W1$xVenegono$y1$m2BA N 236$j100365$B100365$CSeMilBibl$Z2$F109015 $81 961 $aAcquisto: SODIS 996 $6020$a2-204-07303-2$9(OLS)http://semarc/number/136650 996 $6245$aLe cri de déréliction de Jésus en croix :$bdensité existentielle et salvifique$9(OLS)http://semarc/title/216169 996 $6260$aParis :$bLes Éditions du Cerf$9(OLS)http://semarc/publisher/29611 LEADER 01308nam a2200313 i 4500 001 000000134804 003 CaOOAMICUS 005 20251203102709.0 008 050215s2002 it u000 u mul u 020 $a88-50666-0 040 $aSeMil$bita 100 0 $aPlato,$d<427-347 a.C.>.$0(OLS)http://semarc/name/5353 245 10$aLettere /$cPlatone ; a cura di Margherita Isnardi Parente ; traduzione di Maria Grazia Ciani. 264 1$a[Milano] :$bFondazione Lorenzo Valla :$bMondadori,$c2002. 300 $aXLVII, 281 p. ;$c21 cm. 490 1 $aScrittori greci e latini 546 $aTesto greco a fronte 700 1 $aCiani, Maria Grazia.$0(OLS)http://semarc/name/8858 700 1 $aIsnardi Parente, Margherita,$d<1928-2008>.$0(OLS)http://semarc/name/6202 830 0$aScrittori greci e latini.$0(OLS)http://semarc/title/137 850 $aSeMil 852 $aSeMil$W1$xVenegono$y1$m1ZA A 40$j238387$B88514$CSeMilBibl$Z2$F93855 $81 900 0 $aPlatone. 961 $aOmaggio: Rimoldi mons. Antonio 996 $6020$a88-50666-0$9(OLS)http://semarc/number/122106 996 $6245$aLettere$9(OLS)http://semarc/title/1746 996 $6264$a[Milano] :$bFondazione Lorenzo Valla :$bMondadori$9(OLS)http://semarc/publisher/58097